Fall Auf - Cro Songtext - Lyrics - Statistiken

Allgemein
  • Dieses Quiz wurde 56 mal gespielt
  • Das Durchschnittsergebnis liegt bei 136 aus 206
Antwortstatistiken
Antwort % Korrekt
Auf
93%
Fall
93%
Ich
88%
Und
83%
Hin
78%
Die
76%
Bin
73%
Nicht
73%
Ist
63%
Steh
63%
Sein
61%
Für
59%
Es
56%
Ein
51%
Hab
51%
Wir
51%
Zu
51%
Meine
49%
Welt
49%
Den
46%
Perfekt
46%
Jeder
44%
Jetzt
44%
Nein
44%
Sieht
44%
Durch
41%
So
41%
Abgeknallt
39%
Auch
39%
Egon
39%
Fehler
39%
Kilometer
39%
Lauf
39%
Tot
39%
Voraus
39%
Akzeptiert
37%
Frei
37%
Anders
34%
Ganze
34%
Hör
34%
Kann
34%
Denn
32%
Endlich
32%
Leicht
32%
Niemals
32%
Sind
32%
Weg
32%
Wenn
32%
Dich
29%
Weiß
29%
Alle
27%
Damit
27%
Lied
27%
Cool
24%
Sehen
24%
Sing
24%
Verändern
24%
Yeah
24%
Hoff
22%
Können
22%
Steck
22%
Scheiß
20%
Echt
17%
Wehtut
17%
Locker
15%
Neu
12%
Singen
12%
Keine übereinstimmenden Quizze gefunden
Verteilung der Resultate
Anzahl Personen mit jedem Resultat
Perzentil nach korrekt beantworteten Fragen
Ihre Resultats-Entwicklung
Sie haben dieses Quiz noch nicht gespielt